Who Will Cry When You Die (Record no. 354440)
[ view plain ]
| 000 -LEADER | |
|---|---|
| fixed length control field | 00397nam a2200145Ia 4500 |
| 008 - FIXED-LENGTH DATA ELEMENTS--GENERAL INFORMATION | |
| fixed length control field | 230719s9999 xx 000 0 und d |
| 041 ## - LANGUAGE CODE | |
| Language code of text/sound track or separate title | eng |
| 082 ## - DEWEY DECIMAL CLASSIFICATION NUMBER | |
| Classification number | 170.44 |
| Item number | SHA |
| 100 ## - MAIN ENTRY--PERSONAL NAME | |
| Personal name | Sharma R. |
| 245 ## - TITLE STATEMENT | |
| Title | Who Will Cry When You Die |
| Remainder of title | Life Lessons From Monk Who Sold His Ferrari, Vol.IV |
| 260 ## - PUBLICATION, DISTRIBUTION, ETC. (IMPRINT) | |
| Date of publication, distribution, etc. | 2009 |
| Name of publisher, distributor, etc. | Jaico Publishing House |
| 300 ## - PHYSICAL DESCRIPTION | |
| Extent | 210 |
| 365 ## - TRADE PRICE | |
| Currency code | Rs. |
| Price amount | 83.00 |
| 700 ## - ADDED ENTRY--PERSONAL NAME | |
| Personal name | Sharma R. |
| Withdrawn status | Lost status | Damaged status | Not for loan | Home library | Current library | Shelving location | Date acquired | Vendor | Cost, normal purchase price | Total Checkouts | Full call number | Barcode | Date last seen | Date last checked out | Cost, replacement price | Bill Date | Koha item type | Original Barcode |
|---|---|---|---|---|---|---|---|---|---|---|---|---|---|---|---|---|---|---|
| Cummins College of Engineering for Women Pune | Cummins College of Engineering for Women Pune | Donated Book | 04/09/2017 | Masurkar Enterprises | 83.00 | 5 | 170.44 | CCEP-DB-645 | 15/03/2024 | 01/03/2024 | 83.00 | 19/07/2023 | Books | D00645 |